<?xml version="1.0" encoding="UTF-8"?><?xml-stylesheet type="text/xsl" href="static/style.xsl"?><OAI-PMH xmlns="http://www.openarchives.org/OAI/2.0/" xmlns:xsi="http://www.w3.org/2001/XMLSchema-instance" xsi:schemaLocation="http://www.openarchives.org/OAI/2.0/ http://www.openarchives.org/OAI/2.0/OAI-PMH.xsd"><responseDate>2026-06-06T19:31:21Z</responseDate><request verb="GetRecord" identifier="oai:riuma.uma.es:10630/28137" metadataPrefix="marc">https://riuma.uma.es/rest/oai/request</request><GetRecord><record><header><identifier>oai:riuma.uma.es:10630/28137</identifier><datestamp>2026-02-03T11:19:19Z</datestamp><setSpec>com_10630_2254</setSpec><setSpec>col_10630_37953</setSpec></header><metadata><record xmlns="http://www.loc.gov/MARC21/slim" xmlns:dcterms="http://purl.org/dc/terms/" xmlns:doc="http://www.lyncode.com/xoai" xmlns:xsi="http://www.w3.org/2001/XMLSchema-instance" xsi:schemaLocation="http://www.loc.gov/MARC21/slim http://www.loc.gov/standards/marcxml/schema/MARC21slim.xsd">
   <leader>00925njm 22002777a 4500</leader>
   <datafield ind2=" " ind1=" " tag="042">
      <subfield code="a">dc</subfield>
   </datafield>
   <datafield ind2=" " ind1=" " tag="720">
      <subfield code="a">Cerezo-Medina, Alfonso</subfield>
      <subfield code="e">author</subfield>
   </datafield>
   <datafield ind2=" " ind1=" " tag="720">
      <subfield code="a">Peláez-Verdet, Antonio</subfield>
      <subfield code="e">author</subfield>
   </datafield>
   <datafield ind2=" " ind1=" " tag="720">
      <subfield code="a">Gaspar-González, Ana Isabel</subfield>
      <subfield code="e">author</subfield>
   </datafield>
   <datafield ind2=" " ind1=" " tag="720">
      <subfield code="a">Martín-Rojo, Inmaculada Concepción</subfield>
      <subfield code="e">author</subfield>
   </datafield>
   <datafield ind2=" " ind1=" " tag="260">
      <subfield code="c">2023-11-12</subfield>
   </datafield>
   <datafield ind2=" " ind1=" " tag="520">
      <subfield code="a">Wine tourism is a subsector of gastronomic tourism that, according to the World Tourism Organisation, has been increasingly in demand among visitors worldwide. The Serranía de Ronda has an outstanding wine-growing tradition, but the region has had to deal with one of the most significant challenges in recent times: the coronavirus disease-19 pandemic. This study analyzed the crisis’s impacts on wine tourism along the Ronda and Malaga Wine Route, winemakers’ perceptions of these effects, and how wineries reacted. Exploratory mixed-methods research was carried out using a combination of primary and secondary sources. The results were compared to other studies that have also sought to analyse wineries’ recovery strategies associated with the pandemic. The findings have practical implications that can help wine tourism providers improve their resilience during future pandemics.</subfield>
   </datafield>
   <datafield ind1="8" ind2=" " tag="024">
      <subfield code="a">Cerezo Medina, A., Martin-Rojo, I. C., Pelaez Verdet, A., &amp; Gaspar-González, A. I. (2023). Wine tourism and COVID-19: impacts and responses from the perspective of wine route’s wineries. ENLIGHTENING TOURISM. A PATHMAKING JOURNAL, 13(2), 35-63. https://doi.org/10.33776/et.v13i2.7707</subfield>
   </datafield>
   <datafield ind1="8" ind2=" " tag="024">
      <subfield code="a">https://hdl.handle.net/10630/28137</subfield>
   </datafield>
   <datafield ind1="8" ind2=" " tag="024">
      <subfield code="a">10.33776/et.v13i2.7707</subfield>
   </datafield>
   <datafield tag="653" ind2=" " ind1=" ">
      <subfield code="a">Vino - Cata</subfield>
   </datafield>
   <datafield tag="653" ind2=" " ind1=" ">
      <subfield code="a">Turismo</subfield>
   </datafield>
   <datafield tag="653" ind2=" " ind1=" ">
      <subfield code="a">Serranía de Ronda (Málaga) - Descripción y viajes</subfield>
   </datafield>
   <datafield ind2="0" ind1="0" tag="245">
      <subfield code="a">Wine tourism and COVID-19: impacts and responses from the perspective of wine route’s wineries.</subfield>
   </datafield>
</record>
</metadata></record></GetRecord></OAI-PMH>